Nicaragua, iglesia: manipulación política o profecía /

Збережено в:
Бібліографічні деталі
Автор: Pochet Coronado, Rosa María
Співавтор: CSUCA
Інші автори: Martínez Rocha, Abelino
Формат: Текст
Опубліковано: San José : CSUCA
Предмети:
Теги: Додати тег
Немає тегів, Будьте першим, хто поставить тег для цього запису!

MARC

LEADER 00000 a a2200000 04500
001 21633
003
040
090 |a 0004 P739n  
100 |a Pochet Coronado, Rosa María  
110 |a CSUCA  
245 |a Nicaragua, iglesia: manipulación política o profecía /  |c Rosa María Pochet Coronado, Abelino Martínez  
260 |a San José :   |b CSUCA  
300 |a p. irreg.  
630 |a IGLESIA  
630 |a PARTICIPACIONPOLITICA  
630 |a MOVIMIENTOS SOCIALES  
630 |a SANDINISMO  
630 |a REVOLUCION  
630 |a GUERRA CIVIL  
700 |a Martínez Rocha, Abelino  
999 |c 16464  |d 16464